[Event "Campeonato España Sub 18"]
[Site "Salobreña"]
[Date "2017.08.04"]
[Round "8"]
[White "Nieves Cabanes, Jose Manuel"]
[Black "Orteu Capdevila, Max"]
[Result "1-0"]
[Board "10"]
[WhiteClock "n/a"]
[WhiteTitle "FM"]
[WhiteElo "2277"]
[WhiteCountry "ESP"]
[WhiteFideId "22245715"]
[WhiteEloChange "7"]
[BlackClock "n/a"]
[BlackElo "2161"]
[BlackCountry "ESP"]
[BlackFideId "32075359"]
[BlackEloChange "-7"]

1. Nf3 {[%clk 1:30:30]} Nf6 {[%clk 1:30:30]} 2. c4 {[%clk 1:30:30]} e6 {[%clk
1:30:30]} 3. g3 {[%clk 1:30:30]} c5 {[%clk 1:30:30]} 4. Bg2 {[%clk 1:30:30]} Qc7
{[%clk 1:30:30]} 5. Nc3 {[%clk 1:30:30]} a6 {[%clk 1:30:30]} 6. O-O {[%clk
1:30:30]} d6 {[%clk 1:30:30]} 7. d4 {[%clk 1:30:30]} cxd4 {[%clk 1:30:30]} 8.
Nxd4 {[%clk 1:30:30]} Be7 {[%clk 1:30:30]} 9. b3 {[%clk 1:30:30]} Bd7 {[%clk
1:30:30]} 10. Bb2 {[%clk 1:30:30]} Nc6 {[%clk 1:30:30]} 11. Rc1 {[%clk 1:30:30]}
Nxd4 {[%clk 1:30:30]} 12. Qxd4 {[%clk 1:30:30]} O-O {[%clk 1:30:30]} 13. Rfd1
{[%clk 1:30:30]} Rfd8 {[%clk 1:30:30]} 14. h3 {[%clk 1:30:30]} Rac8 {[%clk
1:30:30]} 15. Qe3 {[%clk 1:30:30]} Qb8 {[%clk 1:30:30]} 16. a4 {[%clk 1:30:30]}
b6 {[%clk 1:30:30]} 17. Ba3 {[%clk 1:30:30]} Bc6 {[%clk 1:30:30]} 18. Nd5 {[%clk
1:30:30]} Nxd5 {[%clk 1:30:30]} 19. cxd5 {[%clk 1:30:30]} Bd7 {[%clk 1:30:30]}
20. dxe6 {[%clk 1:30:30]} fxe6 {[%clk 1:30:30]} 21. Rxc8 {[%clk 1:30:30]} Rxc8
{[%clk 1:30:30]} 22. Qd3 {[%clk 1:30:30]} Rd8 {[%clk 1:30:30]} 23. Qxa6 {[%clk
1:30:30]} Be8 {[%clk 1:30:30]} 24. Qd3 {[%clk 1:30:30]} Bf7 {[%clk 1:30:30]} 25.
Be4 {[%clk 1:30:30]} h6 {[%clk 1:30:30]} 26. Bf3 {[%clk 1:30:30]} Qa7 {[%clk
1:30:30]} 27. Qb5 {[%clk 1:30:30]} Be8 {[%clk 1:30:30]} 28. Bc6 {[%clk 1:30:30]}
Bg6 {[%clk 1:30:30]} 29. e4 {[%clk 1:30:30]} Qc7 {[%clk 1:30:30]} 30. Rc1 {[%clk
1:30:30]} Rc8 {[%clk 1:30:30]} 31. Kh2 {[%clk 1:30:30]} Qd8 {[%clk 1:30:30]} 32.
Bd7 {[%clk 1:30:30]} Rxc1 {[%clk 1:30:30]} 33. Bxe6+ {[%clk 1:30:30]} Kh8 {[%clk
1:30:30]} 34. Bxc1 {[%clk 1:30:30]} Bxe4 {[%clk 1:30:30]} 35. Bd5 {[%clk
1:30:30]} Bxd5 {[%clk 1:30:30]} 36. Qxd5 {[%clk 1:30:30]} Qc7 {[%clk 1:30:30]}
37. Be3 {[%clk 1:30:30]} Bd8 {[%clk 1:30:30]} 38. Qd4 {[%clk 1:30:30]} Qd7 {[%clk
1:30:30]} 39. Qd5 {[%clk 1:30:30]} Bc7 {[%clk 1:30:30]} 40. Qa8+ {[%clk 1:30:30]}
Kh7 {[%clk 1:30:30]} 41. Qd5 {[%clk 1:30:30]} Kh8 {[%clk 1:30:30]} 42. Bd4 {[%clk
1:30:30]} Bd8 {[%clk 1:30:30]} 43. b4 {[%clk 1:30:30]} Bc7 {[%clk 1:30:30]} 44.
a5 {[%clk 1:30:30]} bxa5 {[%clk 1:30:30]} 45. bxa5 {[%clk 1:30:30]} Qa4 {[%clk
1:30:30]} 46. a6 {[%clk 1:30:30]} Bb8 {[%clk 1:30:30]} 47. a7 {[%clk 1:30:30]}
1-0

[Event "Campeonato España Sub 18"]
[Site "Salobreña"]
[Date "2017.08.04"]
[Round "8"]
[White "Tarraga Navarro, Pablo"]
[Black "Rottenwohrer Suarez, Juan"]
[Result "1/2-1/2"]
[Board "11"]
[WhiteClock "1:31"]
[WhiteElo "2054"]
[WhiteCountry "ESP"]
[WhiteFideId "32041691"]
[WhiteEloChange "4"]
[BlackClock "1:30"]
[BlackTitle "CM"]
[BlackElo "2214"]
[BlackCountry "ESP"]
[BlackFideId "32068182"]
[BlackEloChange "-4"]

1. e4 {[%clk 1:31:00]} c5 {[%clk 1:30:00]} 2. Nf3 {[%clk 1:31:00]} g6 {[%clk
1:30:00]} 3. d4 {[%clk 1:31:00]} cxd4 {[%clk 1:30:00]} 4. Nxd4 {[%clk 1:31:00]}
Nc6 {[%clk 1:30:00]} 5. c4 {[%clk 1:31:00]} Bg7 {[%clk 1:30:00]} 6. Be3 {[%clk
1:31:00]} Nf6 {[%clk 1:30:00]} 7. Nc3 {[%clk 1:31:00]} d6 {[%clk 1:30:00]} 8. Be2
{[%clk 1:31:00]} O-O {[%clk 1:31:00]} 9. O-O {[%clk 1:27:00]} Bd7 {[%clk
1:28:00]} 10. h3 {[%clk 1:19:00]} Nxd4 {[%clk 1:27:00]} 11. Bxd4 {[%clk 1:18:00]}
Bc6 {[%clk 1:27:00]} 12. Qc2 {[%clk 1:12:00]} a5 {[%clk 1:25:00]} 13. Rad1 {[%clk
1:12:00]} Nd7 {[%clk 1:22:00]} 14. Bxg7 {[%clk 1:12:00]} Kxg7 {[%clk 1:22:00]}
15. Bg4 {[%clk 1:13:00]} Nc5 {[%clk 1:20:00]} 16. e5 {[%clk 1:12:00]} f5 {[%clk
1:20:00]} 17. Be2 {[%clk 1:08:00]} f4 {[%clk 1:20:00]} 18. exd6 {[%clk 1:04:00]}
f3 {[%clk 1:20:00]} 19. Bxf3 {[%clk 1:02:00]} Bxf3 {[%clk 1:19:00]} 20. gxf3
{[%clk 1:03:00]} exd6 {[%clk 1:18:00]} 21. Qd2 {[%clk 0:49:00]} Rxf3 {[%clk
1:17:00]} 22. Kg2 {[%clk 0:43:00]} Rd3 {[%clk 1:16:00]} 23. Qf4 {[%clk 0:41:00]}
Qf8 {[%clk 1:12:00]} 24. Nd5 {[%clk 0:36:00]} Qxf4 {[%clk 1:08:00]} 25. Nxf4
{[%clk 0:35:00]} Rxd1 {[%clk 1:08:00]} 26. Rxd1 {[%clk 0:35:00]} Ra6 {[%clk
1:09:00]} 27. Nd5 {[%clk 0:35:00]} Kf7 {[%clk 1:02:00]} 28. b3 {[%clk 0:26:00]}
Rc6 {[%clk 0:57:00]} 29. Re1 {[%clk 0:24:00]} Ne6 {[%clk 0:55:00]} 30. Re3 {[%clk
0:24:00]} Rc8 {[%clk 0:46:00]} 31. Rf3+ {[%clk 0:24:00]} 1/2-1/2

[Event "Campeonato España Sub 18"]
[Site "Salobreña"]
[Date "2017.08.04"]
[Round "8"]
[White "Martin Carmona, Gaston Manuel"]
[Black "Alfaya Marcelo, Roberto"]
[Result "0-1"]
[Board "12"]
[WhiteClock "1:27"]
[WhiteElo "2205"]
[WhiteCountry "ESP"]
[WhiteFideId "22284567"]
[WhiteEloChange "-12"]
[BlackClock "1:30"]
[BlackElo "2132"]
[BlackCountry "ESP"]
[BlackFideId "32026935"]
[BlackEloChange "12"]

1. e4 {[%clk 1:27:00]} c5 {[%clk 1:30:00]} 2. Nf3 {[%clk 1:26:00]} d6 {[%clk
1:30:00]} 3. d4 {[%clk 1:26:00]} cxd4 {[%clk 1:31:00]} 4. Nxd4 {[%clk 1:26:00]}
Nf6 {[%clk 1:31:00]} 5. Nc3 {[%clk 1:26:00]} a6 {[%clk 1:31:00]} 6. Be3 {[%clk
1:26:00]} e6 {[%clk 1:32:00]} 7. g4 {[%clk 1:20:00]} b5 {[%clk 1:32:00]} 8. f3
{[%clk 1:20:00]} Bb7 {[%clk 1:32:00]} 9. Qd2 {[%clk 1:20:00]} h6 {[%clk 1:28:00]}
10. h4 {[%clk 1:17:00]} Nbd7 {[%clk 1:28:00]} 11. Rg1 {[%clk 1:17:00]} b4 {[%clk
1:24:00]} 12. Na4 {[%clk 1:14:00]} d5 {[%clk 1:23:00]} 13. g5 {[%clk 1:12:00]}
Nh5 {[%clk 1:19:00]} 14. exd5 {[%clk 1:09:00]} Bxd5 {[%clk 1:18:00]} 15. c4
{[%clk 1:08:00]} bxc3 {[%clk 1:14:00]} 16. Nxc3 {[%clk 1:07:00]} Bb4 {[%clk
1:14:00]} 17. a3 {[%clk 1:07:00]} Bxc3 {[%clk 1:08:00]} 18. Qxc3 {[%clk 1:07:00]}
Rc8 {[%clk 1:08:00]} 19. Qd2 {[%clk 1:07:00]} Bc4 {[%clk 1:02:00]} 20. Rc1 {[%clk
1:03:00]} Bxf1 {[%clk 0:59:00]} 21. Kxf1 {[%clk 1:03:00]} Rxc1+ {[%clk 0:49:00]}
22. Qxc1 {[%clk 1:03:00]} Qb8 {[%clk 0:49:00]} 23. g6 {[%clk 0:59:00]} O-O {[%clk
0:46:00]} 24. Bxh6 {[%clk 0:44:00]} fxg6 {[%clk 0:30:00]} 25. Rxg6 {[%clk
0:43:00]} Ne5 {[%clk 0:30:00]} 26. Rg5 {[%clk 0:25:00]} Nxf3 {[%clk 0:24:00]} 27.
Nxf3 {[%clk 0:25:00]} Qb3 {[%clk 0:24:00]} 28. Rg2 {[%clk 0:11:58]} Rxf3+ {[%clk
0:18:54]} 29. Kg1 {[%clk 0:11:25]} Qb6+ {[%clk 0:19:00]} 30. Kh2 {[%clk 0:11:39]}
Qd6+ {[%clk 0:19:21]} 31. Kg1 {[%clk 0:11:42]} Qd4+ {[%clk 0:19:43]} 32. Kh2
{[%clk 0:12:14]} Qxh4+ {[%clk 0:19:45]} 33. Kg1 {[%clk 0:12:42]} Qd4+ {[%clk
0:16:54]} 34. Kh2 {[%clk 0:13:05]} Ng3 {[%clk 0:14:04]} 35. Bf4 {[%clk 0:05:05]}
Nf1+ {[%clk 0:12:36]} 36. Kh1 {[%clk 0:05:24]} Qxf4 {[%clk 0:09:48]} 37. Qc8+
{[%clk 0:05:49]} Kh7 {[%clk 0:10:14]} 38. Qc2+ {[%clk 0:05:08]} Qf5 {[%clk
0:10:31]} 39. Qc7 {[%clk 0:05:36]} Qh3+ {[%clk 0:07:17]} 40. Kg1 {[%clk 0:06:00]}
Ng3 {[%clk 0:07:09]} 41. Qc2+ {[%clk 0:06:19]} Kg8 {[%clk 0:07:09]} 0-1

[Event "Campeonato España Sub 18"]
[Site "Salobreña"]
[Date "2017.08.04"]
[Round "8"]
[White "Salagran Ferragut, Guillem"]
[Black "Esquivias Quintero, Luis Manuel"]
[Result "1-0"]
[Board "13"]
[WhiteClock "1:32"]
[WhiteElo "2201"]
[WhiteCountry "ESP"]
[WhiteFideId "2241897"]
[WhiteEloChange "6"]
[BlackClock "1:30"]
[BlackElo "2069"]
[BlackCountry "ESP"]
[BlackFideId "32018215"]
[BlackEloChange "-6"]

1. e4 {[%clk 1:32:00]} c5 {[%clk 1:30:00]} 2. Nf3 {[%clk 1:32:00]} Nc6 {[%clk
1:30:00]} 3. d4 {[%clk 1:32:00]} cxd4 {[%clk 1:30:00]} 4. Nxd4 {[%clk 1:32:00]}
g6 {[%clk 1:30:00]} 5. c4 {[%clk 1:32:00]} Bg7 {[%clk 1:30:00]} 6. Be3 {[%clk
1:32:00]} d6 {[%clk 1:30:00]} 7. Nc3 {[%clk 1:32:00]} Nh6 {[%clk 1:28:00]} 8. Be2
{[%clk 1:11:00]} O-O {[%clk 1:24:00]} 9. O-O {[%clk 1:10:00]} f5 {[%clk 1:24:00]}
10. exf5 {[%clk 1:00:00]} Nxf5 {[%clk 1:22:00]} 11. Nxf5 {[%clk 1:00:00]} Bxf5
{[%clk 1:22:00]} 12. Qd2 {[%clk 0:59:00]} Be6 {[%clk 1:10:00]} 13. Bh6 {[%clk
0:56:00]} Bxh6 {[%clk 0:57:00]} 14. Qxh6 {[%clk 0:55:00]} Nd4 {[%clk 0:56:00]}
15. Qe3 {[%clk 0:52:00]} Nxe2+ {[%clk 0:50:00]} 16. Qxe2 {[%clk 0:52:00]} Qc8
{[%clk 0:50:00]} 17. b3 {[%clk 0:41:00]} Rf7 {[%clk 0:44:00]} 18. Rfe1 {[%clk
0:41:00]} Bg4 {[%clk 0:40:00]} 19. f3 {[%clk 0:36:00]} Bd7 {[%clk 0:40:00]} 20.
Kh1 {[%clk 0:35:00]} Bc6 {[%clk 0:38:00]} 21. b4 {[%clk 0:27:00]} b6 {[%clk
0:37:00]} 22. a4 {[%clk 0:24:00]} a5 {[%clk 0:34:00]} 23. b5 {[%clk 0:25:00]} Bb7
{[%clk 0:34:00]} 24. Rac1 {[%clk 0:20:00]} Qc5 {[%clk 0:32:00]} 25. Qe6 {[%clk
0:17:57]} Rc8 {[%clk 0:28:00]} 26. h3 {[%clk 0:13:48]} Qf5 {[%clk 0:23:00]} 27.
Qxf5 {[%clk 0:13:10]} gxf5 {[%clk 0:19:59]} 28. Nd5 {[%clk 0:13:18]} Bxd5 {[%clk
0:19:06]} 29. cxd5 {[%clk 0:13:47]} Rff8 {[%clk 0:17:19]} 30. Rxc8 {[%clk
0:03:21]} Rxc8 {[%clk 0:17:46]} 31. Rxe7 {[%clk 0:03:49]} Rc5 {[%clk 0:17:26]}
32. Rb7 {[%clk 0:03:39]} Rxd5 {[%clk 0:17:51]} 33. Rxb6 {[%clk 0:04:05]} Rd4
{[%clk 0:18:16]} 34. Ra6 {[%clk 0:03:34]} Rxa4 {[%clk 0:17:20]} 35. b6 {[%clk
0:04:02]} Kf7 {[%clk 0:16:06]} 36. b7 {[%clk 0:04:04]} Rb4 {[%clk 0:16:31]} 37.
Rxa5 {[%clk 0:04:17]} Rxb7 {[%clk 0:16:51]} 38. Rxf5+ {[%clk 0:04:41]} Ke6 {[%clk
0:17:23]} 39. Ra5 {[%clk 0:02:44]} d5 {[%clk 0:17:31]} 40. Ra2 {[%clk 0:02:08]}
d4 {[%clk 0:16:34]} 41. Kg1 {[%clk 0:02:16]} Kd5 {[%clk 0:15:36]} 42. Kf2 {[%clk
0:02:17]} Re7 {[%clk 0:14:33]} 43. g4 {[%clk 0:01:25]} d3 {[%clk 0:13:43]} 44. f4
{[%clk 0:01:20]} Kc4 {[%clk 0:13:40]} 45. f5 {[%clk 0:00:54]} h6 {[%clk 0:07:42]}
46. h4 {[%clk 0:01:22]} Kb3 {[%clk 0:06:25]} 47. Ra8 {[%clk 0:01:51]} d2 {[%clk
0:06:13]} 48. Rd8 {[%clk 0:01:53]} Kc2 {[%clk 0:06:34]} 49. f6 {[%clk 0:03:00]}
Re8 {[%clk 0:03:28]} 50. Rd7 {[%clk 0:00:34]} d1Q {[%clk 0:01:58]} 51. Rxd1
{[%clk 0:01:02]} Kxd1 {[%clk 0:02:21]} 52. Kf3 {[%clk 0:01:09]} Re1 {[%clk
0:02:21]} 53. g5 {[%clk 0:01:09]} hxg5 {[%clk 0:02:21]} 54. hxg5 {[%clk 0:01:09]}
Kd2 {[%clk 0:02:21]} 55. Kf4 {[%clk 0:01:09]} Rf1+ {[%clk 0:02:21]} 56. Ke5
{[%clk 0:01:09]} Rg1 {[%clk 0:02:21]} 57. Kf5 {[%clk 0:01:09]} Ke3 {[%clk
0:02:21]} 58. g6 {[%clk 0:01:09]} Kd4 {[%clk 0:02:21]} 59. g7 {[%clk 0:01:09]}
Rf1+ {[%clk 0:02:21]} 60. Ke6 {[%clk 0:01:09]} Re1+ {[%clk 0:02:21]} 61. Kf7
{[%clk 0:01:09]} 1-0

[Event "Campeonato España Sub 18"]
[Site "Salobreña"]
[Date "2017.08.04"]
[Round "8"]
[White "Chueca Lorente, Javier"]
[Black "Lacruz Algarate, Alvaro"]
[Result "0-1"]
[Board "14"]
[WhiteClock "1:23"]
[WhiteElo "2112"]
[WhiteCountry "ESP"]
[WhiteFideId "22216405"]
[WhiteEloChange "-8"]
[BlackClock "1:30"]
[BlackElo "2186"]
[BlackCountry "ESP"]
[BlackFideId "32025335"]
[BlackEloChange "8"]

1. c4 {[%clk 1:23:00]} e5 {[%clk 1:30:00]} 2. g3 {[%clk 1:24:00]} Nc6 {[%clk
1:30:00]} 3. Bg2 {[%clk 1:24:00]} g6 {[%clk 1:31:00]} 4. Nc3 {[%clk 1:23:00]} Bg7
{[%clk 1:31:00]} 5. e3 {[%clk 1:23:00]} f5 {[%clk 1:27:00]} 6. d3 {[%clk
1:23:00]} Nf6 {[%clk 1:27:00]} 7. Nge2 {[%clk 1:23:00]} O-O {[%clk 1:27:00]} 8.
O-O {[%clk 1:23:00]} d6 {[%clk 1:26:00]} 9. f4 {[%clk 1:20:00]} Re8 {[%clk
1:10:00]} 10. Rb1 {[%clk 1:11:00]} a5 {[%clk 0:57:00]} 11. a3 {[%clk 1:10:00]}
Be6 {[%clk 0:58:00]} 12. Nd5 {[%clk 1:09:00]} Qd7 {[%clk 0:45:00]} 13. b4 {[%clk
1:05:00]} Bxd5 {[%clk 0:39:00]} 14. cxd5 {[%clk 1:05:00]} Nd8 {[%clk 0:40:00]}
15. Qc2 {[%clk 1:01:00]} e4 {[%clk 0:34:00]} 16. dxe4 {[%clk 1:00:00]} Nxe4
{[%clk 0:34:00]} 17. Bxe4 {[%clk 0:47:00]} Rxe4 {[%clk 0:33:00]} 18. Nc3 {[%clk
0:47:00]} Rc4 {[%clk 0:30:00]} 19. Bd2 {[%clk 0:47:00]} axb4 {[%clk 0:30:00]} 20.
Rxb4 {[%clk 0:47:00]} Rxb4 {[%clk 0:26:00]} 21. axb4 {[%clk 0:47:00]} Nf7 {[%clk
0:24:00]} 22. e4 {[%clk 0:46:00]} Nh6 {[%clk 0:24:00]} 23. Re1 {[%clk 0:44:00]}
Re8 {[%clk 0:22:00]} 24. e5 {[%clk 0:44:00]} dxe5 {[%clk 0:21:00]} 25. fxe5
{[%clk 0:45:00]} Ng4 {[%clk 0:21:00]} 26. e6 {[%clk 0:44:00]} Qd6 {[%clk
0:21:00]} 27. Qa4 {[%clk 0:42:00]} c6 {[%clk 0:16:56]} 28. Bf4 {[%clk 0:34:00]}
Qd8 {[%clk 0:15:02]} 29. Qb3 {[%clk 0:19:28]} Bd4+ {[%clk 0:11:12]} 30. Kh1
{[%clk 0:19:35]} cxd5 {[%clk 0:04:46]} 31. Nxd5 {[%clk 0:19:56]} Nf6 {[%clk
0:04:26]} 32. Nxf6+ {[%clk 0:13:44]} Qxf6 {[%clk 0:04:29]} 33. Qd5 {[%clk
0:08:43]} Qd8 {[%clk 0:00:46]} 34. Qxb7 {[%clk 0:09:11]} Re7 {[%clk 0:00:50]} 35.
Qc6 {[%clk 0:07:35]} Qb6 {[%clk 0:00:34]} 36. Qxb6 {[%clk 0:04:10]} Bxb6 {[%clk
0:01:02]} 37. Bd6 {[%clk 0:04:35]} Re8 {[%clk 0:01:26]} 38. Bc5 {[%clk 0:01:27]}
Bxc5 {[%clk 0:01:16]} 39. bxc5 {[%clk 0:01:56]} Kf8 {[%clk 0:01:38]} 40. e7+
{[%clk 0:00:34]} Rxe7 {[%clk 0:01:51]} 41. Rc1 {[%clk 0:00:34]} 0-1

[Event "Campeonato España Sub 18"]
[Site "Salobreña"]
[Date "2017.08.04"]
[Round "8"]
[White "Pulido Esteban, Francisco Daniel"]
[Black "Jimenez Ruano, Adrian"]
[Result "0-1"]
[Board "15"]
[WhiteClock "1:30"]
[WhiteElo "2065"]
[WhiteCountry "ESP"]
[WhiteFideId "22274839"]
[WhiteEloChange "-7"]
[BlackClock "1:32"]
[BlackElo "2171"]
[BlackCountry "ESP"]
[BlackFideId "22276050"]
[BlackEloChange "7"]

1. e4 {[%clk 1:30:00]} c5 {[%clk 1:32:00]} 2. Nc3 {[%clk 1:30:00]} a6 {[%clk
1:32:00]} 3. g3 {[%clk 1:30:00]} b5 {[%clk 1:32:00]} 4. Bg2 {[%clk 1:30:00]} Bb7
{[%clk 1:32:00]} 5. d3 {[%clk 1:30:00]} e6 {[%clk 1:32:00]} 6. f4 {[%clk
1:30:00]} d5 {[%clk 1:32:00]} 7. e5 {[%clk 1:23:00]} Nc6 {[%clk 1:30:00]} 8. Nf3
{[%clk 1:23:00]} h5 {[%clk 1:30:00]} 9. h3 {[%clk 1:21:00]} Be7 {[%clk 1:29:00]}
10. Ne2 {[%clk 1:20:00]} Nh6 {[%clk 1:27:00]} 11. Be3 {[%clk 1:18:00]} Nf5 {[%clk
1:27:00]} 12. Bf2 {[%clk 1:18:00]} Qc7 {[%clk 1:25:00]} 13. c3 {[%clk 1:16:00]}
Rb8 {[%clk 1:24:00]} 14. Qd2 {[%clk 1:12:00]} a5 {[%clk 1:21:00]} 15. d4 {[%clk
1:02:00]} c4 {[%clk 1:21:00]} 16. O-O {[%clk 0:54:00]} b4 {[%clk 1:13:00]} 17.
Rfb1 {[%clk 0:52:00]} Ba6 {[%clk 1:13:00]} 18. Kh2 {[%clk 0:43:00]} Rb6 {[%clk
1:09:00]} 19. Qc2 {[%clk 0:38:00]} g6 {[%clk 1:05:00]} 20. Neg1 {[%clk 0:32:00]}
Kd7 {[%clk 1:01:00]} 21. Ng5 {[%clk 0:32:00]} Nh6 {[%clk 0:57:00]} 22. b3 {[%clk
0:28:00]} Rhb8 {[%clk 0:53:00]} 23. bxc4 {[%clk 0:27:00]} Bxc4 {[%clk 0:53:00]}
24. N1f3 {[%clk 0:21:00]} bxc3 {[%clk 0:50:00]} 25. Rxb6 {[%clk 0:21:00]} Qxb6
{[%clk 0:50:00]} 26. Qxc3 {[%clk 0:21:00]} Qb2 {[%clk 0:47:00]} 27. Be1 {[%clk
0:21:00]} Ba3 {[%clk 0:43:00]} 28. Kg1 {[%clk 0:15:47]} Nb4 {[%clk 0:36:00]} 29.
Rd1 {[%clk 0:07:10]} Qxc3 {[%clk 0:30:00]} 30. Bxc3 {[%clk 0:07:24]} Rb5 {[%clk
0:30:00]} 31. Nd2 {[%clk 0:06:36]} Nxa2 {[%clk 0:28:00]} 32. Nxc4 {[%clk
0:06:59]} dxc4 {[%clk 0:28:00]} 33. Ne4 {[%clk 0:03:43]} Bb4 {[%clk 0:10:17]} 34.
Ba1 {[%clk 0:03:21]} Nf5 {[%clk 0:08:18]} 35. d5 {[%clk 0:03:05]} Ne3 {[%clk
0:07:29]} 36. dxe6+ {[%clk 0:03:11]} Kxe6 {[%clk 0:07:29]} 37. Rd8 {[%clk
0:03:21]} c3 {[%clk 0:02:52]} 38. Bxc3 {[%clk 0:02:07]} Nxc3 {[%clk 0:02:20]} 39.
Nxc3 {[%clk 0:02:10]} Bxc3 {[%clk 0:02:29]} 40. Rd3 {[%clk 0:02:38]} Bb4 {[%clk
0:02:34]} 41. Bc6 {[%clk 0:02:54]} Rb6 {[%clk 0:01:16]} 42. Bd7+ {[%clk 0:03:11]}
Ke7 {[%clk 0:01:25]} 43. Kf2 {[%clk 0:03:34]} Nc4 {[%clk 0:01:16]} 44. Bc8 {[%clk
0:03:34]} Rc6 {[%clk 0:01:20]} 45. Bb7 {[%clk 0:04:00]} Rc7 {[%clk 0:01:41]} 46.
Ba6 {[%clk 0:04:27]} a4 {[%clk 0:01:27]} 47. Ke2 {[%clk 0:04:37]} a3 {[%clk
0:01:37]} 48. Rd1 {[%clk 0:04:57]} Nb2 {[%clk 0:01:55]} 49. Ra1 {[%clk 0:05:21]}
Rc3 {[%clk 0:01:51]} 50. Bb5 {[%clk 0:05:41]} Rxg3 {[%clk 0:02:04]} 51. Kf2
{[%clk 0:05:55]} Rxh3 {[%clk 0:02:22]} 52. Kg2 {[%clk 0:06:21]} Re3 {[%clk
0:02:27]} 53. Kf2 {[%clk 0:06:47]} Re1 {[%clk 0:02:23]} 54. Rxa3 {[%clk 0:07:16]}
Nd1+ {[%clk 0:02:23]} 0-1

[Event "Campeonato España Sub 18"]
[Site "Salobreña"]
[Date "2017.08.04"]
[Round "8"]
[White "Porlan Minarro, Antonio"]
[Black "Ortega Lopez, Mikel"]
[Result "0-1"]
[Board "16"]
[WhiteClock "1:31"]
[WhiteElo "2038"]
[WhiteCountry "ESP"]
[WhiteFideId "22294821"]
[WhiteEloChange "-4"]
[BlackClock "1:29"]
[BlackTitle "FM"]
[BlackElo "2259"]
[BlackCountry "ESP"]
[BlackFideId "22252878"]
[BlackEloChange "4"]

1. e4 {[%clk 1:31:00]} c5 {[%clk 1:29:00]} 2. c4 {[%clk 1:31:00]} Nc6 {[%clk
1:29:00]} 3. Nc3 {[%clk 1:31:00]} e6 {[%clk 1:29:00]} 4. g3 {[%clk 1:31:00]} Nf6
{[%clk 1:29:00]} 5. Bg2 {[%clk 1:31:00]} d5 {[%clk 1:28:00]} 6. exd5 {[%clk
1:26:00]} exd5 {[%clk 1:28:00]} 7. Nxd5 {[%clk 1:27:00]} Nxd5 {[%clk 1:28:00]} 8.
Bxd5 {[%clk 1:27:00]} Nb4 {[%clk 1:28:00]} 9. Be4 {[%clk 1:27:00]} f5 {[%clk
1:12:00]} 10. Bb1 {[%clk 1:24:00]} Be7 {[%clk 1:12:00]} 11. Ne2 {[%clk 1:18:00]}
Be6 {[%clk 1:08:00]} 12. d3 {[%clk 1:10:00]} O-O {[%clk 1:04:00]} 13. Nf4 {[%clk
1:07:00]} Bf7 {[%clk 1:03:00]} 14. h4 {[%clk 1:03:00]} Bf6 {[%clk 1:02:00]} 15.
O-O {[%clk 1:01:00]} Qd6 {[%clk 1:00:00]} 16. a3 {[%clk 0:59:00]} Nc6 {[%clk
1:00:00]} 17. Nd5 {[%clk 0:53:00]} Be5 {[%clk 0:53:00]} 18. Bf4 {[%clk 0:47:00]}
Bxd5 {[%clk 0:51:00]} 19. cxd5 {[%clk 0:43:00]} Nd4 {[%clk 0:51:00]} 20. Be3
{[%clk 0:40:00]} f4 {[%clk 0:41:00]} 21. gxf4 {[%clk 0:37:00]} Bxf4 {[%clk
0:40:00]} 22. Bxd4 {[%clk 0:35:00]} cxd4 {[%clk 0:41:00]} 23. Qg4 {[%clk
0:28:00]} Rf6 {[%clk 0:41:00]} 24. h5 {[%clk 0:28:00]} Raf8 {[%clk 0:41:00]} 25.
Ba2 {[%clk 0:28:00]} Rf5 {[%clk 0:41:00]} 26. Kh1 {[%clk 0:26:00]} Qh6 {[%clk
0:41:00]} 27. d6+ {[%clk 0:24:00]} Kh8 {[%clk 0:42:00]} 28. Bf7 {[%clk 0:21:00]}
R8xf7 {[%clk 0:42:00]} 29. d7 {[%clk 0:21:00]} Qxh5+ {[%clk 0:42:00]} 0-1

[Event "Campeonato España Sub 18"]
[Site "Salobreña"]
[Date "2017.08.04"]
[Round "8"]
[White "Munoz Avila, Jose Luis"]
[Black "Motos Abellan, Daniel"]
[Result "1/2-1/2"]
[Board "17"]
[WhiteClock "1:30"]
[WhiteElo "2176"]
[WhiteCountry "ESP"]
[WhiteFideId "32090692"]
[WhiteEloChange "-3"]
[BlackClock "1:32"]
[BlackElo "2071"]
[BlackCountry "ESP"]
[BlackFideId "32016450"]
[BlackEloChange "3"]

1. Nf3 {[%clk 1:30:00]} b6 {[%clk 1:32:00]} 2. g3 {[%clk 1:30:00]} Bb7 {[%clk
1:32:00]} 3. Bg2 {[%clk 1:30:00]} f5 {[%clk 1:32:00]} 4. O-O {[%clk 1:30:00]} Nf6
{[%clk 1:32:00]} 5. c4 {[%clk 1:30:00]} e6 {[%clk 1:32:00]} 6. d4 {[%clk
1:30:00]} Be7 {[%clk 1:32:00]} 7. d5 {[%clk 1:30:00]} O-O {[%clk 1:31:00]} 8. Nd4
{[%clk 1:25:00]} Bc5 {[%clk 1:29:00]} 9. Nc3 {[%clk 1:17:00]} Qe8 {[%clk
1:24:00]} 10. Nc2 {[%clk 1:02:00]} a5 {[%clk 1:14:00]} 11. Be3 {[%clk 0:54:00]}
Na6 {[%clk 1:09:00]} 12. a3 {[%clk 0:49:00]} exd5 {[%clk 1:08:00]} 13. cxd5
{[%clk 0:48:00]} Bxe3 {[%clk 0:59:00]} 14. Nxe3 {[%clk 0:48:00]} g6 {[%clk
0:58:00]} 15. Rc1 {[%clk 0:44:00]} Rc8 {[%clk 0:50:00]} 16. Rc2 {[%clk 0:35:00]}
Nc5 {[%clk 0:48:00]} 17. b4 {[%clk 0:35:00]} axb4 {[%clk 0:48:00]} 18. axb4
{[%clk 0:35:00]} Nce4 {[%clk 0:48:00]} 19. Nxe4 {[%clk 0:34:00]} Nxe4 {[%clk
0:48:00]} 20. Qd4 {[%clk 0:34:00]} Nd6 {[%clk 0:45:00]} 21. Rfc1 {[%clk 0:29:00]}
Qf7 {[%clk 0:43:00]} 22. Qd3 {[%clk 0:27:00]} f4 {[%clk 0:41:00]} 23. Ng4 {[%clk
0:25:00]} Qg7 {[%clk 0:39:00]} 24. gxf4 {[%clk 0:19:16]} Rxf4 {[%clk 0:39:00]}
25. Qg3 {[%clk 0:18:21]} Rxb4 {[%clk 0:37:00]} 26. Rxc7 {[%clk 0:16:32]} Rxc7
{[%clk 0:35:00]} 27. Rxc7 {[%clk 0:16:58]} Nf5 {[%clk 0:34:00]} 28. Qa3 {[%clk
0:11:03]} Rxg4 {[%clk 0:32:00]} 29. Rxb7 {[%clk 0:10:56]} Qe5 {[%clk 0:19:49]}
30. Qa8+ {[%clk 0:08:23]} Kg7 {[%clk 0:19:22]} 31. Rxd7+ {[%clk 0:08:18]} Kh6
{[%clk 0:19:45]} 32. Qf8+ {[%clk 0:02:26]} Kg5 {[%clk 0:19:58]} 33. h3 {[%clk
0:01:35]} Qa1+ {[%clk 0:13:54]} 34. Kh2 {[%clk 0:01:44]} Qe5+ {[%clk 0:14:19]}
35. Kg1 {[%clk 0:01:55]} Qa1+ {[%clk 0:14:19]} 1/2-1/2